LEADER 03900nam 2200565 450 001 9910794997203321 005 20230809234128.0 010 $a3-11-055255-8 010 $a3-11-055421-6 024 7 $a10.1515/9783110554212 035 $a(CKB)4340000000194635 035 $a(MiAaPQ)EBC4947070 035 $a(DE-B1597)482867 035 $a(OCoLC)1002232579 035 $a(DE-B1597)9783110554212 035 $a(Au-PeEL)EBL4947070 035 $a(CaPaEBR)ebr11423812 035 $a(OCoLC)1001355550 035 $a(EXLCZ)994340000000194635 100 $a20170905h20172017 uy 0 101 0 $ager 135 $aurcnu|||||||| 181 $2rdacontent 182 $2rdamedia 183 $2rdacarrier 200 04$aDer deutsche Sprachraum aus der Sicht linguistischer Laien $eErgebnisse des Kieler DFG-Projektes /$fherausgegeben von Markus Hundt, Nicole Palliwoda, Saskia Schro?der 210 1$aBerlin, [Germany] ;$aBoston, [Massachusetts] :$cDe Gruyter,$d2017. 210 4$d©2017 215 $a1 online resource (278 pages) 311 $a3-11-055084-9 320 $aIncludes bibliographical references. 327 $tFrontmatter -- $tVorwort -- $tInhaltsverzeichnis -- $tAbkürzungsverzeichnis -- $tEinleitung -- $tDer Einfluss von Grenzen auf die Verortung von Sprachräumen im Nahbereich -- $tDie Verortung der eigenen Sprechweise im Makrobereich durch linguistische Laien -- $tDas Ratespiel -- $tStruktur und Komplexität des linguistischen Laienwissens -- $tLaienlinguistisches Sprachnormwissen -- $t?irgendwas zwischen hochdeutsch und plattdeutsch? -- $tDer Einfluss der regionalen Herkunft auf das Dialektwissen linguistischer Laien -- $tFazit 330 $aDas DFG-Projekt ?Der deutsche Sprachraum aus Sicht linguistischer Laien ? wahrnehmungsdialektologische Grundlagenforschung und die Rekonstruktion von Laienkonzeptualisierungen zur deutschen Sprache" hatte linguistische, geographische, soziale, kognitive und visualisierte Raumkonzeptionen von regionalen Varietäten des Deutschen aus der Sicht deutschsprachiger linguistischer Laien zum Gegenstand. Im vorliegenden Band werden erstmals Ergebnisse aus allen Bereichen der Untersuchung vorgestellt: Wie konzeptualisieren linguistische Laien ihren sprachlichen Nähebereich? Wie sieht die dialektale Landkarte (mental map) linguistischer Laien aus, wenn der gesamte deutschsprachige Raum im Fokus ist? Welche sprachlichen Merkmale sind für die Gewährspersonen salient (perzipierte und assoziierte Dialektmerkmale)? In welcher Weise haben linguistische Laien überhaupt Zugriff auf ihr eigenen Varietätenwissen und wie ist dieses Wissen strukturiert? Welche Sprachnormvorstellungen haben linguistische Laien? Wie werden einzelne Dialekträume konzeptualisiert und welche Einflüsse sind z.B. durch die regionale Herkunft der Probanden messbar? Der Band bietet somit eine vielseitige Literaturgrundlage für Forschende und fortgeschrittene Studierende. 330 $aHow do linguistic lay people regard German dialects and their speakers? Based on an empirical investigation conducted throughout the German language area, this volume documents various facets of knowledge held by linguistic lay people (ability to locate dialects, associated and imputed attributes of dialects, attitudes, normative notions, regional differences, etc.). 606 $aGerman language$xDialectology 606 $aGerman language$xDialects 615 0$aGerman language$xDialectology. 615 0$aGerman language$xDialects. 676 $a437 686 $aFOR009000$aLAN009000$2bisacsh 702 $aHundt$b Markus 702 $aPalliwoda$b Nicole 702 $aSchro?der$b Saskia 801 0$bMiAaPQ 801 1$bMiAaPQ 801 2$bMiAaPQ 906 $aBOOK 912 $a9910794997203321 996 $aDer deutsche Sprachraum aus der Sicht linguistischer Laien$93843881 997 $aUNINA LEADER 01909nas 2200553-a 450 001 9910893078303321 005 20260218111417.0 035 $a(CKB)991042746872288 035 $a(CONSER)sn-86000964- 035 $a(DE-599)ZDB2735519-6 035 $a(DE-599)2735519-6 035 $a(EXLCZ)99991042746872288 100 $a20770225b19651995 --- b 101 0 $ahrv 181 $ctxt$2rdacontent 182 $cc$2rdamedia 183 $acr$2rdacarrier 200 00$aDefektologija 210 $aZagreb $cFakultet za defektologiju Sveu?ili?te u Zagrebu 215 $a1 online resource 311 08$aPrint version: Defektologija. 0351-1839 (DLC)sn 86000964 (OCoLC)2762542 517 1 $aDefectology 517 1 $aDefektologii?a 531 0 $aDefektologija 606 $aChildren with mental disabilities$vPeriodicals 606 $aChildren with disabilities$vPeriodicals 606 $aChildren$xDiseases$vPeriodicals 606 $aChildren$xDiseases$2fast$3(OCoLC)fst00854907 606 $aChildren with disabilities$2fast$3(OCoLC)fst00855544 606 $aChildren with mental disabilities$2fast$3(OCoLC)fst00855620 606 $aPersons with Disabilities 606 $aIntellectual Disability 608 $aPeriodicals.$2fast 608 $aPeriodical. 615 0$aChildren with mental disabilities 615 0$aChildren with disabilities 615 0$aChildren$xDiseases 615 7$aChildren$xDiseases. 615 7$aChildren with disabilities. 615 7$aChildren with mental disabilities. 615 2$aPersons with Disabilities. 615 2$aIntellectual Disability. 712 02$aSveuc?ilis?te u Zagrebu.$bVisoka defektolos?ka s?kola. 712 02$aSveuc?ilis?te u Zagrebu.$bFakultet za defektologiju. 906 $aJOURNAL 912 $a9910893078303321 920 $aexl_impl conversion 996 $aDefektologija$94246640 997 $aUNINA